[Event "FIDE WCC 2018"]
[Site "Khanty-Mansiysk"]
[Date "2018.11.03"]
[Round "1.1"]
[White "Foisor, Sabina-Francesca"]
[Black "Stefanova, Antoaneta"]
[Result "1/2-1/2"]
[WhiteElo "2264"]
[BlackElo "2490"]
[Annotator "TA"]
[PlyCount "87"]
[EventDate "2018.11.03"]
[EventType "k.o."]
[EventCountry "RUS"]
[SourceTitle "playchess.com"]
[Source "ChessBase"]
[SourceQuality "1"]

{[%evp 29,87,0,6,-12,20,0,0,0,0,-104,-97,-129,-133,-144,-45,-48,-57,-44,-16,-90,-85,-105,-114,-147,-56,-58,-6,-4,228,228,221,213,213,220,454,99,187,35,75,81,81,30,54,54,55,59,64,56,55,41,41,41,41,40,41,41,41,33,33,33]} 1. d4 d5 2. c4 e6 3. Nc3 c6 4. Nf3 dxc4 5. a4 Bb4 6. e3 b5 7. Bd2 a5 8. axb5 Bxc3 9. Bxc3 cxb5 10. b3 Bb7 11. bxc4 b4 12. Bb2 Nf6 13. Bd3 Nbd7 14. O-O O-O 15. Re1 Re8 {LiveBook: 81 Games} 16. h3 {D31: Queen's Gambit Declined: Semi-Slav without ...Nf6 (+ Marshall Gambit and Noteboom) and Exchange Variation lines without ...Nf6} (16. c5 Bc6 17. Bc2 Ne4 18. Ba4 Qc7 19. Qc2 Qb7 20. Rec1 Reb8 21. Ne1 Bxa4 22. Qxa4 Qb5 23. f3 Nd2 24. Qxb5 Rxb5 {1-0 (50) Svetushkin,D (2556)-Naoum,S (2295) Heraklio 2017}) 16... Ne4 $146 ({Predecessor:} 16... h6 17. c5 Bc6 18. Bc2 Qc7 19. Ba4 Reb8 20. Bxc6 Qxc6 21. Qa4 Qd5 22. Rec1 Ne4 23. Qc2 Qc6 {½-½ (107) Barkhagen,J (2445)-Landgren,A (2172) Sweden 2012}) 17. Bxe4 Bxe4 18. Nd2 $1 {[%cal Rd2e4] The position is equal.} Bb7 19. f4 (19. c5 $11 {remains equal.}) 19... Qc7 $17 20. Rf1 {[#]} a4 $1 {[%mdl 512]} 21. d5 (21. Rxa4 Qc6) 21... exd5 ({Black should try} 21... a3 $17 22. Bd4 exd5) 22. Rxa4 $15 Rxe3 23. Rxb4 Rd3 24. Rb3 (24. Rf2 $11) 24... dxc4 25. Rxd3 cxd3 26. Kh2 Ra2 ({Better is} 26... Qc2 $17 27. Ba1 f6) 27. Qb3 $1 {[%cal Rb3a2]} Qc6 (27... Ra6 $15 28. Qxd3 Rg6) 28. Rf3 $11 Qa6 $2 (28... Ra4 $11 {and Black stays safe.}) 29. Rxd3 $18 ({And not} 29. Rg3 g6 $11) 29... Nf8 {Threatens to win with ...Rxb2!} 30. Rg3 $1 {[%cal Rg3g7]} g6 ({Avoid the trap} 30... Ne6 $2 31. f5 $18) 31. Qc3 $1 {[%csl Gb2][%cal Rc3h8]} f6 $2 {[#]} (31... Rxb2 32. Qxb2 Bd5) 32. f5 $2 (32. Qb3+ $1 $18 Ne6 33. f5 Rxb2 34. Qxb2) 32... Qc6 {[#]} (32... Bd5 $16) 33. fxg6 $2 (33. Qb3+ $1 $18 Qd5 34. Nc4) 33... hxg6 34. Qb3+ Qd5 35. Ne4 (35. Nc4 $16 Ra6 36. Qb4) 35... Qxb3 36. Nxf6+ {White is slightly better.} Kf7 37. Rxb3 Ba8 38. Ng4 Nd7 39. Ra3 (39. h4 {looks sharper.} Ra4 40. Kg3 Be4 41. Rc3 Ra2 42. Re3) 39... Rxa3 40. Bxa3 Ke6 41. Bb2 Nc5 42. Ne5 Be4 43. g4 Nd3 44. Nxd3 {Precision: White = 36%, Black = 28%.} 1/2-1/2

[Event "FIDE WCC 2018"]
[Site "Khanty-Mansiysk"]
[Date "2018.11.03"]
[Round "1.1"]
[White "Aliaga Fernandez, Ingrid Y"]
[Black "Gunina, Valentina"]
[Result "0-1"]
[WhiteElo "2194"]
[BlackElo "2497"]
[Annotator "TA"]
[PlyCount "88"]
[EventDate "2018.11.03"]
[EventType "k.o."]
[EventCountry "RUS"]
[SourceTitle "playchess.com"]
[Source "ChessBase"]
[SourceQuality "1"]

{[%evp 20,88,14,13,5,12,15,7,7,0,0,0,0,0,9,-14,-14,-13,-28,-42,-25,-25,-21,-33,-30,-50,-47,-53,-15,-28,-15,-23,-22,-62,-57,-87,0,-62,-8,-71,-69,-70,-56,-62,-61,-93,-35,-56,-8,-19,-8,-52,-52,-52,-52,-66,-67,-63,-56,-45,-29,-34,0,0,0,-21,-10,-31,-26,-785,-770]} 1. e4 c6 2. c4 d5 3. exd5 cxd5 4. cxd5 Nf6 5. Nc3 Nxd5 6. Nf3 Nc6 7. Bb5 {B10: Caro-Kann: 2 d3 and 2 c4} g6 8. Qa4 Nb6 9. Bxc6+ bxc6 10. Qxc6+ Bd7 11. Qe4 {LiveBook: 21 Games} Bg7 12. O-O Rc8 13. d4 Bc6 14. Qe2 Bxf3 15. Qxf3 Qxd4 {[#]} 16. Be3 $146 Qb4 17. Rab1 O-O 18. Qb7 e6 19. Qxa7 Nc4 20. a3 Qb3 21. Qa4 Qb7 22. Qb5 Qxb5 23. Nxb5 Nxb2 (23... Rb8 $5 {[%cal Rb8b5]} 24. Nc3 Rb3 $15) 24. Rfc1 Rxc1+ 25. Rxc1 Rb8 26. Rc2 h5 ({Inferior is} 26... Rxb5 27. Rc8+ Bf8 28. Bh6 Rb8 29. Rxb8 Kh8 30. Rxf8#) 27. Nd4 Bf8 ({Black should play} 27... Nd1 $1 $17 {White must now prevent ...Rb1.} 28. Rc1 Nxe3 29. fxe3 Ra8) 28. Nc6 (28. g3 $11) 28... Rb3 (28... Rb7 $1 $15) 29. g3 {[#]} (29. Kf1 $11) 29... Nd3 $1 $17 {Hoping for ...Rb1+.} 30. Kf1 Rxa3 31. Ke2 e5 32. f3 f5 ({Black should try} 32... f6 $17) 33. Bg5 Kf7 {Threatening ...Ke6.} 34. Nd8+ Ke8 35. Ne6 Bd6 36. Nc7+ Kd7 $1 37. Nb5 Rb3 38. Nxd6 Kxd6 $15 {[%mdl 4096] Endgame KRB-KRN} 39. Rc8 {Rd8+ is the strong threat.} Nc5 {aiming for ...Ne6.} 40. Rd8+ Nd7 41. Rg8 $1 Rb2+ 42. Ke3 Nb6 43. Rxg6+ Kd5 44. Rg8 $2 {[%mdl 8192] [#]} (44. Rf6 $11) 44... Kc4 $1 {Precision: White = 50%, Black = 56%.} 0-1

[Event "FIDE WCC 2018"]
[Site "Khanty-Mansiysk"]
[Date "2018.11.03"]
[Round "1.1"]
[White "Wafa, Shahenda"]
[Black "Muzychuk, Mariya"]
[Result "0-1"]
[WhiteElo "2145"]
[BlackElo "2545"]
[Annotator "TA"]
[PlyCount "104"]
[EventDate "2018.11.03"]
[EventType "k.o."]
[EventCountry "RUS"]
[SourceTitle "playchess.com"]
[Source "ChessBase"]
[SourceQuality "1"]

{[%evp 18,104,3,-12,44,39,40,32,32,32,34,34,34,34,34,28,25,-35,-32,-66,22,-53,-8,-88,-93,-95,-100,-93,-98,-128,-129,-103,-84,-84,-79,-111,-38,-113,-88,-120,-127,-158,-60,-48,0,0,0,-8,-8,-218,-218,-218,-218,-270,-264,-350,-349,-335,-325,-350,-293,-294,-293,-255,-239,-298,-276,-606,-587,-579,-570,-8354,-1862,-5507,-2267,-29966,-622,-29977,-29978,-29978,-29974,-29990,-29991,-29991,-29992,-29993,-29994,-29994,-29995]} 1. e4 c5 2. Nf3 Nc6 3. d4 cxd4 4. Nxd4 Nf6 5. Nc3 d6 6. Bg5 e6 7. Qd2 a6 8. f4 h6 9. Bxf6 Qxf6 10. Nf3 {LiveBook: 55 Games} Be7 {B66: Sicilian: Richter-Rauzer: 7...a6 8 0-0-0 h6} (10... g5 $11) (10... g5 11. fxg5 hxg5 12. Qxg5 Qxg5 13. Nxg5 Ne5 14. Nf3 Nxf3+ 15. gxf3 Bh6 16. Bd3 Bd7 17. Ke2 Bg5 18. Rag1 {0-1 (53) Strohhaeker,R (2435)-Jakubiec,A (2503) Germany 2018}) 11. O-O-O $14 g5 12. g3 Qg7 {White is slightly better.} 13. Na4 $146 ({Predecessor:} 13. Rg1 O-O 14. g4 gxf4 15. g5 hxg5 16. Nxg5 Bxg5 17. h4 f6 18. hxg5 fxg5 19. Qxd6 {½-½ (27) Sawlin,M (2179)-Gebigke,M (2212) Berlin 2011}) 13... b5 $1 {[%cal Rb5a4]} 14. Nb6 Rb8 15. Nxc8 Rxc8 16. Kb1 O-O 17. fxg5 (17. c3 $11) 17... hxg5 $15 18. g4 Rfd8 (18... Bf6 $15) 19. h4 (19. Bd3 $1 $11) 19... gxh4 20. Bd3 (20. Qf2 $11) 20... Ne5 $17 21. Nxh4 Bxh4 22. Rxh4 Nf3 23. Qf2 Nxh4 24. Qxh4 Kf8 25. g5 Ke8 26. Rg1 Rc5 {[#]} (26... Qd4 $17 27. Rf1 Qg7) 27. a4 (27. g6 $1 $15 {[%mdl 512]}) 27... Kd7 28. axb5 axb5 29. Qf2 {[#]} Ra8 {[#]} ({Black should try} 29... Kc6 $1 $17 30. e5 Qxe5) 30. e5 $1 $15 {[%cal Re5d6][%mdl 512] White wants to play exd6.} Qxe5 {Strongly threatening ...b4.} ({Of course not} 30... Rxe5 $6 31. Qb6 $16) (30... b4 $5 {[%cal Rc5a5]} 31. Be4 Ra6 $17) 31. Qxf7+ Kc6 {...Qe3 is the strong threat.} 32. Qf3+ $1 d5 $1 {Hoping for ...b4.} 33. Qg3 $2 (33. c3 $1 $11) 33... Qxg3 $19 34. Rxg3 {[%mdl 4096] Endgame KRR-KRB} Kd6 35. g6 {next g7 is good for White.} Rg8 36. Kc1 e5 37. b4 Rc7 38. Bxb5 Rb7 39. Ba4 Rxb4 40. Bb3 Rg7 41. Kd2 Rf4 42. c3 $2 (42. Ke2) 42... Rf2+ 43. Kc1 e4 {[%cal Be5e4,Be4e3][%mdl 32]} 44. Rg5 e3 45. Rxd5+ Kc6 46. Re5 {[#]} Ra7 $1 {[%cal Ra7a1]} ({Less strong is} 46... Rxg6 47. Rxe3 Rg1+ 48. Bd1 $17) 47. Bc2 Ra2 {Black mates.} 48. Be4+ Kc7 {[%cal Rf2f1]} 49. Rc5+ Kb6 {[%cal Rf2f1]} 50. Rc6+ Kb5 {[%cal Rf2f1]} 51. c4+ Kb4 {[%cal Rf2f1]} 52. Rb6+ Kc3 {Precision: White = 32%, Black = 71%.} 0-1

[Event "FIDE WCC 2018"]
[Site "Khanty-Mansiysk"]
[Date "2018.11.03"]
[Round "1.1"]
[White "Vazquez Maccarini, Danitza"]
[Black "Kosteniuk, Alexandra"]
[Result "0-1"]
[WhiteElo "2065"]
[BlackElo "2543"]
[Annotator "TA"]
[PlyCount "124"]
[EventDate "2018.11.03"]
[EventType "k.o."]
[EventCountry "RUS"]
[SourceTitle "playchess.com"]
[Source "ChessBase"]
[SourceQuality "1"]

{[%evp 12,124,9,16,63,63,95,45,45,45,75,44,108,75,85,51,55,38,36,22,30,10,16,0,68,75,75,41,31,31,35,37,34,24,31,34,25,21,24,0,35,22,47,47,46,31,32,0,46,13,21,0,0,0,0,0,0,0,0,0,0,0,0,0,0,0,0,0,0,0,0,-47,-24,-98,-106,-108,-113,-104,-98,-104,-100,-265,-263,-264,-257,-253,-113,-139,-105,-111,-111,-108,0,-151,0,-91,-97,-233,-205,-348,-343,-552,-544,-661,-647,-12834,-5319,-5402,-5373,-29939,-12849,-29986,-29987,-29987,-29988]} 1. e4 e5 2. Bc4 Nc6 3. d3 Nf6 4. Nc3 Bc5 5. f4 d6 6. Nf3 Bg4 7. Na4 {LiveBook: 87 Partien} Qd7 {C30: Abgelehntes Königsgambit} (7... Bxf3 8. Qxf3 Nd4 9. Qd1 b5 10. fxe5 bxc4 11. exf6 Qxf6 12. Nxc5 dxc5 13. c3 Nc6 14. dxc4 Ne5 15. Be3 O-O 16. Qe2 Rad8 {0-1 (25) Ponomariov,R (2712)-Tomashevsky,E (2728) Huaian 2016}) 8. Nxc5 dxc5 9. h3 Bxf3 $1 {Weiß steht etwas besser.} 10. Qxf3 O-O-O 11. Bb5 $146 {zielt auf fxe5 ab.} ({Vorgänger:} 11. Be3 Nd4 12. Qf2 Rhe8 13. O-O-O exf4 14. Bxd4 cxd4 15. Qxf4 {1-0 (36) Baekelant,E (1599)-Nolot,C (1599) Belfort 2005}) 11... Rhe8 ({Lieber} 11... exf4 $14 12. Bxf4 Kb8) 12. fxe5 Rxe5 13. Bf4 Re6 14. O-O-O a6 15. Bxc6 Qxc6 16. Bg5 c4 17. dxc4 Rde8 (17... Rxd1+ $11 18. Rxd1 Qxc4) 18. Bxf6 $1 $14 gxf6 19. Rd4 Rxe4 20. Rxe4 Rxe4 {[%mdl 4096] Endspiel KDT-KDT} 21. b3 Qe6 $1 22. Rf1 Re1+ $1 23. Rxe1 Qxe1+ {KD-KD} 24. Kb2 Qe5+ 25. Kb1 Qe6 26. g4 h6 27. a4 Qe1+ 28. Kb2 Qe5+ 29. Kb1 c6 30. Qd3 h5 31. Qh7 hxg4 32. Qg8+ Kd7 33. hxg4 Qe8 34. Qh7 Qe1+ 35. Ka2 Ke7 36. Qd3 Qe6 37. Qf3 Kf8 38. Qf4 Qe5 39. Qf2 Kg7 40. Qb6 Qe7 41. Qf2 Qe4 42. Qg3 (42. Ka3 $11 {bleibt in der Remisbreite.}) 42... Qxc2+ $17 43. Ka3 Qc1+ 44. Ka2 Qd2+ 45. Ka3 Qd8 (45... Qd1 {is more complex.} 46. Ka2 Qe2+ 47. Ka3 Qe4 48. Qg1 Qd3) 46. c5 $2 (46. Qf3 $17) 46... Qd4 $19 47. b4 {[#]} a5 $1 {[%mdl 512]} 48. Qe1 (48. bxa5 Qxc5+) 48... Qxg4 (48... Qd3+ $19 {ist viel giftiger.} 49. Kb2 Qd4+ 50. Ka3 Qe5) 49. bxa5 $17 Qf3+ 50. Kb4 Qf4+ 51. Kb3 Qg4 {Droht ...De6+ und aus.} 52. Ka3 $1 Qf4 $2 ({Günstiger ist} 52... Qd4 $1 $17 53. Qg3+ Kh6) 53. Qg1+ (53. Kb3 $1 $11 {war der einzige Weg, das Gleichgewicht zu behalten.}) 53... Kf8 54. Kb3 (54. Qd1 $17 {war einen Versuch wert.}) 54... Qe5 55. Qf2 {[#]} (55. Qf1 $142) 55... f5 $1 $19 {[%cal Bf6f5,Bf5f4,Bf4f3,Bf3f2][%mdl 32]} 56. Qd2 $2 {[#]} (56. a6 bxa6 57. Kb4) 56... f4 $1 {[%cal Rf4f3]} 57. Qd8+ Kg7 {Droht stark ...f3.} 58. Kc4 Qe6+ 59. Kd3 Qe3+ 60. Kc4 f3 61. Qc8 Qf4+ 62. Kd3 f2 {Precision: Weiß = 21%, Schwarz = 65%.} 0-1

[Event "FIDE WCC 2018"]
[Site "Khanty-Mansiysk"]
[Date "2018.11.03"]
[Round "1.1"]
[White "February, Jesse Nikki"]
[Black "Lagno, Kateryna"]
[Result "0-1"]
[WhiteElo "1922"]
[BlackElo "2556"]
[Annotator "TA"]
[PlyCount "74"]
[EventDate "2018.11.03"]
[EventType "k.o."]
[EventCountry "RUS"]
[SourceTitle "playchess.com"]
[Source "ChessBase"]
[SourceQuality "1"]

{[%evp 16,74,-31,-53,-43,-84,-91,-85,-86,-92,-90,-87,-89,-95,-70,-78,113,-33,-29,-61,-33,-91,-92,-89,-98,-112,-91,-159,-158,-142,0,-144,0,-154,-108,-104,-104,-278,-270,-276,-273,-270,-235,-237,-231,-319,-321,-348,-337,-381,-415,-411,-374,-432,-434,-758,-746,-693,-684,-596,-573]} 1. e4 {[%cal Be2e4,Be4e5][%mdl 32]} d6 2. d4 g6 3. Nc3 Bg7 4. f4 Nf6 5. e5 Nfd7 6. Nf3 c5 7. exd6 O-O 8. Be2 {B09: Pirc Defence: Austrian Attack} exd6 9. O-O {LiveBook: 3 Games} Nc6 {[%cal Rc6d4]} 10. Kh1 $146 {Black is slightly better.} ({Predecessor:} 10. Be3 Nf6 11. Kh1 b6 12. Bf2 Bb7 13. Bh4 Ne7 14. dxc5 bxc5 15. Qd3 Nf5 {0-1 (29) Cigan,S (2386)-Skoberne,J (2501) Murska Sobota 2008}) 10... Nxd4 11. Nxd4 cxd4 ({But not} 11... Bxd4 $6 12. Nb5 $11) 12. Nb5 {[#]} Qb6 $1 13. c3 {[%cal Rb5d4]} dxc3 14. bxc3 a6 15. Nxd6 Bxc3 $2 (15... Nc5 $17 {and life is bright.} 16. Ba3 Rd8) 16. Nc4 (16. Ba3 $16) 16... Qf6 17. Rb1 $1 Rd8 18. Ba3 {[#]} (18. Ne3 $15) 18... Nc5 $1 $17 {[%mdl 512]} 19. Qc1 (19. Bxc5 Rxd1) 19... Ne4 {aiming for ...b5.} 20. Bf3 Bf5 21. Rb3 (21. Rxb7 $142 Rab8 22. Rb3) 21... Bd2 $36 {[%mdl 2048] Keeping White busy.} 22. Qb2 {And now Bxe4 would win.} Bc3 23. Qc1 $1 {Strongly threatening Bxe4.} Bd2 24. Qb2 $1 {Bxe4 is the strong threat.} Qxb2 25. Rxb2 {Threatens to win with Bxe4.} Rac8 26. Nb6 $2 (26. Bxe4 $17 Rxc4 27. Bxf5 gxf5 28. Rxb7) 26... Rc1 $19 27. Rxc1 Bxc1 28. Rb3 Bxa3 29. Rxa3 Rd6 30. g4 Bxg4 ({Resist} 30... Rxb6 31. gxf5 gxf5 32. Ra5 $19) 31. Bxe4 Rxb6 {[%mdl 4096] Endgame KRB-KRB} 32. Rd3 Rb4 33. Bd5 b5 34. Ra3 Rxf4 {Black is clearly winning.} 35. Rxa6 (35. h3 $142 Bc8 36. Re3) 35... Bh3 {[%cal Rf4f1]} 36. Bg2 Bxg2+ 37. Kxg2 Ra4 {Precision: White = 30%, Black = 65%.} 0-1

[Event "FIDE WCC 2018"]
[Site "Khanty-Mansiysk"]
[Date "2018.11.03"]
[Round "1.1"]
[White "Hardegen, Kathryn"]
[Black "Ju, Wenjun"]
[Result "0-1"]
[WhiteElo "1832"]
[BlackElo "2568"]
[Annotator "TA"]
[PlyCount "106"]
[EventDate "2018.11.03"]
[EventType "k.o."]
[EventCountry "RUS"]
[SourceTitle "playchess.com"]
[Source "ChessBase"]
[SourceQuality "1"]

{[%evp 14,106,6,3,13,0,20,25,33,21,33,24,27,20,33,8,18,11,35,28,25,8,38,0,6,0,36,-11,-5,-17,-34,-58,-36,-42,-51,-144,-135,-166,-166,-162,-172,-152,-150,-174,-97,-102,-101,-96,-100,-243,-237,-241,-216,-278,-277,-280,-270,-278,-282,-268,-239,-334,-329,-437,-416,-638,-634,-650,-641,-637,-634,-649,-627,-575,-564,-1349,-1290,-1100,-1058,-1486,-1531,-1396,-1218,-29981,-29980,-29986,-29987,-29987,-29988,-29988,-29989,-29989,-29990,-29990,-29991]} 1. e4 e5 2. Nf3 Nc6 3. Bb5 g6 4. d4 exd4 5. Nxd4 Bg7 6. Be3 Nf6 7. Nc3 O-O 8. O-O {LiveBook: 17 Games. C60: Ruy Lopez: Unusual Black 3rd moves and 3...g6} (8. f3 Nxd4 9. Bxd4 c6 10. Be2 Re8 11. O-O d5 12. exd5 Nxd5 13. Bxg7 Kxg7 14. Nxd5 cxd5 15. Qd4+ Qf6 16. Qxf6+ Kxf6 {1-0 (55) Bacrot,E (2722)-Pavasovic,D (2540) chess.com INT 2018}) 8... Re8 9. f3 a6 {[#] White must now prevent ...Nxd4.} 10. Nxc6 {The position is equal.} bxc6 11. Ba4 Bb7 12. Qd2 d6 $146 ({Predecessor:} 12... Qe7 13. Rfe1 d5 14. exd5 Red8 15. Qf2 Nxd5 16. Nxd5 cxd5 {½-½ (32) Krasnokutskaya,S (2175)-Antolak,J (2212) Montevideo 2017}) 13. Rad1 Nd7 14. Qf2 Qe7 15. Rfe1 Rad8 16. Bb3 Bf6 17. Qf1 Nb6 18. a4 a5 19. Bf2 Qf8 20. Kh1 (20. Bxb6 $5 cxb6 21. Qf2 $11) 20... c5 21. Qb5 Ra8 22. Nd5 Bxd5 $1 23. Bxd5 Nxd5 24. exd5 ({White should play} 24. Rxd5 $15 Rec8 25. Qc4) 24... Reb8 $17 25. Qd7 Rxb2 26. Qxc7 Qd8 $36 {[%mdl 2048] Black is really pushing.} (26... Rxc2 27. Bg3 $15) 27. Qxd8+ Rxd8 28. Rc1 {[#]} Rb4 (28... Bg5 $1 $19 {[%cal Rg5c1]} 29. Be3 Bxe3 30. Rxe3 Rdb8) 29. Re4 Rxe4 30. fxe4 {[%mdl 4096] Endgame KRB-KRB} Re8 31. g3 (31. Re1 $17 {is a better defense.}) 31... Rxe4 $19 32. c4 Bb2 33. Rc2 Bd4 34. Bxd4 Rxd4 {KR-KR} ({Don't do} 34... cxd4 35. Rd2 $19) 35. Kg2 f5 36. Kf3 Kg7 37. h3 Re4 38. g4 Kf6 39. gxf5 (39. Rb2 $142) 39... Kxf5 40. Rc1 g5 41. Rc2 h5 {[%cal Bh7h5,Bh5g4][%mdl 32]} 42. Rc1 g4+ 43. hxg4+ hxg4+ 44. Kf2 Ke5 45. Kg3 Kd4 46. Rb1 Kxc4 47. Rb5 Kd3 48. Rxa5 c4 {Black mates.} 49. Ra6 c3 50. Rxd6 c2 51. Rc6 Rc4 52. Rxc4 Kxc4 53. d6 c1=Q {Precision: White = 30%, Black = 73%.} 0-1

[Event "FIDE WCC 2018"]
[Site "Khanty-Mansiysk"]
[Date "2018.11.04"]
[Round "1.2"]
[White "Ju, Wenjun"]
[Black "Hardegen, Kathryn"]
[Result "1-0"]
[WhiteElo "2568"]
[BlackElo "1832"]
[Annotator "TA"]
[PlyCount "83"]
[EventDate "2018.11.03"]
[EventType "k.o."]
[EventCountry "RUS"]
[SourceTitle "playchess.com"]
[Source "ChessBase"]
[SourceQuality "1"]

{[%evp 9,83,35,68,68,64,0,45,37,39,15,13,14,25,0,41,32,37,17,43,42,78,97,80,43,56,56,62,45,67,44,45,45,54,43,54,29,27,27,27,27,34,33,50,28,147,137,204,202,281,270,532,501,650,648,731,650,632,624,1146,1109,1102,1032,29974,29975,29975,29976,29977,29979,6483,5812,29988,29989,29991,29992,29993,29994]} 1. d4 d5 2. c4 c6 3. Nf3 Nf6 4. Qc2 Bg4 5. Ne5 dxc4 (5... Be6 6. e3 g6 7. cxd5 Nxd5 8. Nd3 Bg7 9. Nd2 O-O 10. Be2 a5 11. a3 Nd7 12. O-O Qb8 13. Rb1 {0-1 (36) Deac,B (2572)-Fedoseev,V (2690) Minsk 2017}) 6. Nxg4 {D11: Slav Defence: 3 Nf3 sidelines and 3...Nf6 4 e3 Bg4} Nxg4 7. Qxc4 (7. e3 $14) 7... Nf6 8. Nc3 {White is slightly better.} Nbd7 9. Qb3 $146 ({Predecessor:} 9. Bf4 e6 10. e4 Qa5 11. Bd2 Qc7 12. g3 Nb6 13. Qe2 {1-0 (46) Wokittel,U (2152)-Mykietyszyn,P Vellmar 2010}) 9... Qb6 10. e4 e6 11. Be3 Qxb3 12. axb3 Bb4 13. f3 O-O 14. Kf2 e5 {[#]} 15. dxe5 $1 Nxe5 16. Be2 a6 17. Rhd1 h6 18. Na4 Ned7 19. Rac1 Rfe8 20. h4 h5 21. g3 Rad8 22. Nb6 (22. Rd4 {is interesting.} a5 23. Rcd1 Be7 24. f4 b5 25. e5) 22... Nxb6 23. Bxb6 Rxd1 24. Rxd1 Be7 25. Bc4 Bf8 26. Ke2 c5 (26... Bb4 $11 {keeps the balance.}) 27. Rd2 Rc8 (27... g6 $16 28. Kf2 Kg7) 28. e5 $18 Re8 {[#]} 29. f4 $1 Nh7 $2 (29... g6 30. Ke3 Ng4+ 31. Kf3 Kg7) 30. Rd7 Be7 31. Rxb7 Nf8 {[#]} 32. Bxc5 $1 {[%mdl 512]} Ng6 (32... Bxc5 33. Bxf7+) 33. b4 {[%cal Bb3b4,Bb4a5,Ba5a6,Ba6a7][%mdl 32]} a5 34. Bxe7 Nxe7 35. bxa5 Rc8 36. Rxe7 Rxc4 {[%mdl 4096] Endgame KR-KR} 37. a6 Ra4 38. a7 Kh7 39. Rxf7 Kg6 40. e6 {[%cal Be5e6,Be6e7][%mdl 32] White mates.} Ra6 41. f5+ Kh6 42. e7 {Precision: White = 79%, Black = 34%.} 1-0

[Event "FIDE WCC 2018"]
[Site "Khanty-Mansiysk"]
[Date "2018.11.04"]
[Round "1.2"]
[White "Lagno, Kateryna"]
[Black "February, Jesse Nikki"]
[Result "1-0"]
[WhiteElo "2556"]
[BlackElo "1922"]
[Annotator "TA"]
[PlyCount "43"]
[EventDate "2018.11.03"]
[EventType "k.o."]
[EventCountry "RUS"]
[SourceTitle "playchess.com"]
[Source "ChessBase"]
[SourceQuality "1"]

{[%evp 9,43,14,21,-6,10,0,0,-7,0,0,0,-27,12,30,34,26,52,57,56,68,104,106,129,112,151,108,145,145,201,204,279,280,285,283,662,270]} 1. e4 c5 2. Nf3 Nc6 3. Bb5 g6 4. O-O Bg7 5. Nc3 Nh6 {LiveBook: 11 Games} 6. a4 $146 {B31: Sicilian: 2...Nc6 3 Bb5 g6} ({Predecessor:} 6. Re1 O-O 7. h3 d6 8. d3 f5 9. Bxc6 bxc6 10. e5 Nf7 11. Bf4 Rb8 12. Qc1 d5 13. Na4 {1-0 (42) Grigoriants,S (2576)-Nakamura,H (2786) chess.com INT 2017}) 6... O-O 7. Bc4 e6 8. d3 {The position is equal.} f6 9. Be3 b6 10. h3 Nf7 11. d4 $36 {[%mdl 2048] White fights for an advantage.} cxd4 12. Nxd4 Nxd4 13. Bxd4 ({Reject} 13. Qxd4 f5 $15) 13... Bb7 14. Qe2 d5 15. exd5 {Threatens to win with Bc5!} exd5 16. Bb3 Kh8 17. Rfe1 Nd6 18. Nxd5 Re8 (18... Nf5 $16 19. Bc3 (19. Qe4 Nxd4 20. Qxd4 f5 $14) 19... Qd7) 19. Qd3 $18 Rxe1+ 20. Rxe1 Nf5 {[#]} 21. Bc3 $1 Qd6 $2 {[#]} (21... Bxd5 22. Bxd5 Rb8) 22. Nxf6 $1 {[%mdl 512] Precision: White = 55%, Black = 14%.} 1-0

[Event "FIDE WCC 2018"]
[Site "Khanty-Mansiysk"]
[Date "2018.11.04"]
[Round "1.2"]
[White "Muzychuk, Mariya"]
[Black "Wafa, Shahenda"]
[Result "1-0"]
[WhiteElo "2545"]
[BlackElo "2145"]
[Annotator "TA"]
[PlyCount "59"]
[EventDate "2018.11.03"]
[EventType "k.o."]
[EventCountry "RUS"]
[SourceTitle "playchess.com"]
[Source "ChessBase"]
[SourceQuality "1"]

{[%evp 26,59,39,21,77,77,71,56,85,73,194,143,265,253,267,245,849,682,899,891,1666,1549,1473,894,1245,818,1160,1160,1606,1414,3220,2853,2251,1785,29989,29990]} 1. e4 c5 2. Nf3 Nc6 3. d4 cxd4 4. Nxd4 Nf6 5. Nc3 d6 6. Bg5 e6 7. Qd2 a6 8. O-O-O Bd7 {[%cal Bc8d7,Bd7c6,Bc6b7][%mdl 32]} 9. f3 b5 10. Nxc6 Bxc6 11. Ne2 {B67: Sicilian: Richter-Rauzer: 7...a6 8 0-0-0 Bd7, lines without 9 f4 Be7} Be7 (11... Bb7 12. Kb1 Be7 13. h4 O-O 14. g4 Rc8 15. Nd4 Nd7 16. Bxe7 Qxe7 17. Qe3 b4 18. g5 Nc5 {1-0 (32) Leko,P (2693)-Kozul,Z (2613) Tallinn 2016}) 12. Nd4 Bb7 13. h4 h6 14. Be3 {LiveBook: 6 Games} d5 (14... Rc8 $11 {keeps the balance.}) 15. e5 $16 Nd7 16. f4 {[%cal Bf3f4,Bf4f5][%mdl 32]} Bxh4 $146 ({Predecessor:} 16... Qc7 17. Rh3 Nc5 18. Bd3 {1-0 (40) De Vreugt,D (2448)-Brandenburg,D (2395) Netherlands 2005}) 17. g4 g6 (17... g5 $16) 18. Bd3 (18. f5 $18) 18... Be7 (18... Qe7 $16 {was worth a try.}) 19. f5 $18 Nxe5 20. fxe6 Nxg4 $2 (20... Qd6) 21. Rdg1 Ne5 22. Bf4 Nxd3+ 23. Qxd3 {[#] White threatens exf7+ and mate.} Qb6 24. Be5 O-O-O 25. Bxh8 Rxh8 26. exf7 g5 27. Re1 Qd6 28. Nf5 Qf4+ 29. Kb1 {[#] Intending Qc3+ and mate.} Bf8 30. Qc3+ {Precision: White = 97%, Black = 13%.} 1-0